Trouvez le pays situé entre ces 3 capitales. - Statistiques

Statistiques générales
  • Ce quiz a été pris 52 fois
  • Le résultat moyen est 10 sur 15
Statistiques - réponses
Hint Réponse % Correct
Paris, Berlin, Bruxelles Luxembourg
98%
Madrid, Lisbonne, Alger Maroc
82%
Stockholm, Berlin, Varsovie Danemark
80%
Rome, Athènes, Tunis Malte
80%
Kiev, Vilnius, Moscou Biélorussie
77%
Pékin, Pyongyang, Tokyo Corée du Sud
75%
Bangkok, Hanoï, Kuala Lumpur Cambodge
73%
New Delhi, Téhéran, Kaboul Pakistan
73%
Sarajevo, Ljubljana, Budapest Croatie
70%
Buenos Aires, Lima, La Paz Chili
68%
Paramaribo, Caracas, Brasilia Guyana
59%
Asmara, Addis-Abeba, Mogadiscio Djibouti
45%
Ouagadougou, Yamoussoukro, Lomé Ghana
45%
Astana, Achgabat, Douchambé Ouzbékistan
41%
Port Moresby, Port Vila, Yaren Iles Salomon
25%
Aucun quiz correspondant
Distribution des résultats
% des personnes avec chaque résultat
Percentile par nombre de réponses
Votre historique - résultats
Vous n’avez pas pris ce quiz